000 00755nam a22002297a 4500
005 20170124110223.0
010 _aA-294747
020 _c00.00
035 _aA-294747
037 _bCen Lib/Ret
040 _aDPL
_bEN
082 _a347.7
_bVER
100 _aVerma, D P S
_940241
245 _aManual of monopolies restrictive and unfair trade practices /
_cby D P S Verma
260 _aNew Delhi
_bTata McGraw Hill Publishing Company
_c1987
270 _bNew Delhi
_e110002
_a12/4 asaf ali road, dariya ganj
300 _axxi, 736p.
_c21cm(Hb)
500 _aIncludes bibliographical references and index
650 _aLaw
_9104
650 _aCentral government
_xMonopolies policy
_940242
942 _2ddc
_cEN
_h347.7
_mVER
999 _c134265
_d134265